ABC of resuscitation / (Record no. 1374)

MARC details
000 -LEADER
fixed length control field 00656nam a22002297a 4500
003 - CONTROL NUMBER IDENTIFIER
control field OSt
005 - DATE AND TIME OF LATEST TRANSACTION
control field 20150409153424.0
008 - FIXED-LENGTH DATA ELEMENTS--GENERAL INFORMATION
fixed length control field 150409b xxu||||| |||| 00| 0 eng d
020 ## - INTERNATIONAL STANDARD BOOK NUMBER
International Standard Book Number 0727916696
040 ## - CATALOGING SOURCE
Transcribing agency DNLM
082 ## - DEWEY DECIMAL CLASSIFICATION NUMBER
Classification number WO 250 A31a 2004
245 ## - TITLE STATEMENT
Title ABC of resuscitation /
Statement of responsibility, etc. Edited by M C Colquhoun, A J Handley and T R Evans
250 ## - EDITION STATEMENT
Edition statement 5th ed.
260 ## - PUBLICATION, DISTRIBUTION, ETC. (IMPRINT)
Place of publication, distribution, etc. London:
Name of publisher, distributor, etc. BMJ books;
Date of publication, distribution, etc. 2004.
300 ## - PHYSICAL DESCRIPTION
Extent xiii, 111 p:
Other physical details col.ill;
Dimensions 27 cm.
504 ## - BIBLIOGRAPHY, ETC. NOTE
Bibliography, etc Includes index.
650 ## - SUBJECT ADDED ENTRY--TOPICAL TERM
Topical term or geographic name as entry element Resuscitation
9 (RLIN) 3638
700 ## - ADDED ENTRY--PERSONAL NAME
Relator code Editor
Personal name Colquhoun M C
9 (RLIN) 3639
700 ## - ADDED ENTRY--PERSONAL NAME
Relator code Editor
Personal name Handley A J
9 (RLIN) 3640
700 ## - ADDED ENTRY--PERSONAL NAME
Relator code Editor
Personal name Evans T R
9 (RLIN) 3641
942 ## - ADDED ENTRY ELEMENTS (KOHA)
Source of classification or shelving scheme Other/Generic Classification Scheme
Koha item type Short Loan
Holdings
Withdrawn status Lost status Source of classification or shelving scheme Damaged status Not for loan Home library Current library Date acquired Source of acquisition Inventory number Total Checkouts Full call number Barcode Date last seen Price effective from Koha item type
    Other/Generic Classification Scheme     MUST Main Library MUST Main Library 09/04/2015   2006/27163   WO 250 A31a 2004 2015-0835 09/04/2015 09/04/2015 Short Loan